00647 2200241 4500001002100000005001500021035002000036007000300056008004100059020002200100082001100122084001500133245007400148250001000222260003000232300005000262650002300312710002200335990001200357990001200369990001200381990001200393INLIS00000000000532420200921103515 a0010-0220000042ta200921 a 0 ind  a978-979-29-6852-1 a028.55 a028.55 KOM aKomik Sains Bocah Pintar :bHidung - Indra Pembau /cSmartKids Studio acet.1 aYogyakarta :bAndi,c2018 a33 hlm. :bilus. ;c28 cm.-- Seri Panca Indra 4aBACAAN KANAK-KANAK0 aSMARTKIDS, Studio a17016 A a17016 B a17016 C a17016 D